| 000 | 00764nam a2200265 a 4500 | ||
|---|---|---|---|
| 001 | 73827 | ||
| 003 | BD-RjUL | ||
| 005 | 20211209082442.0 | ||
| 008 | 170612s1978 iaua 001 0 eng d | ||
| 035 | _a(BD-RjUL)74045 | ||
| 040 |
_aRochester. Univ. Libr. _cDLC _dBD-RjUL _beng |
||
| 041 | _aeng | ||
| 082 |
_a595.44 _bKAH 1978 _223 |
||
| 100 | 1 |
_aKaston, B. J. _940361 |
|
| 245 | 1 | 0 |
_aHow to know the spiders / _cBenjamin J Kaston. |
| 250 | _a3rd ed. | ||
| 260 |
_aDubuque : _bW. C. Brown , _cc1953 [ reprinting 1978 ]. |
||
| 300 |
_avii, 272 p. : _bIll. ; _c23 cm |
||
| 490 | 0 | _aPictured-key nature series | |
| 504 | _aIncludes index | ||
| 650 |
_aSpiders. _9218607 |
||
| 830 |
_aPictured-key nature series _9218613 |
||
| 942 |
_2ddc _cBK |
||
| 999 |
_c73827 _d73827 |
||